Wood Anatomy: Quick Revision/ by Mohammed Nasir, Pawan Kumar Poonia, Hanumantha M (Record no. 52287)

MARC details
000 -LEADER
fixed length control field 00633nam a22001817a 4500
003 - CONTROL NUMBER IDENTIFIER
control field OSt
008 - FIXED-LENGTH DATA ELEMENTS--GENERAL INFORMATION
fixed length control field 260624b |||||||| |||| 00| 0 eng d
020 ## - INTERNATIONAL STANDARD BOOK NUMBER
International Standard Book Number 9789366261942
082 ## - DEWEY DECIMAL CLASSIFICATION NUMBER
Classification number 634.97
Item number N25W
100 ## - MAIN ENTRY--PERSONAL NAME
Personal name Nasir, Mohammed
245 ## - TITLE STATEMENT
Title Wood Anatomy: Quick Revision/ by Mohammed Nasir, Pawan Kumar Poonia, Hanumantha M
260 ## - PUBLICATION, DISTRIBUTION, ETC. (IMPRINT)
Place of publication, distribution, etc New Delhi:
Name of publisher, distributor, etc International Books & Periodicals Supply Service,
Date of publication, distribution, etc 2025.
300 ## - PHYSICAL DESCRIPTION
Extent ix, 156 p.
650 ## - SUBJECT ADDED ENTRY--TOPICAL TERM
Topical term or geographic name as entry element Agriculture and related technologies | Technology (Applied sciences) | Physiology | TreesI Wood
700 ## - ADDED ENTRY--PERSONAL NAME
Personal name Poonia, Pawan Kumar
700 ## - ADDED ENTRY--PERSONAL NAME
Personal name M, Hanumantha
942 ## - ADDED ENTRY ELEMENTS (KOHA)
Source of classification or shelving scheme
Koha item type Books
Holdings
Withdrawn status Lost status Source of classification or shelving scheme Damaged status Not for loan Home library Current library Shelving location Date acquired Source of acquisition Cost, normal purchase price Total Checkouts Full call number Barcode Date last seen Bill Date Koha item type Bill Number
          Dr. Rajendra Prasad Central Agricultural University Pusa, Dr. Rajendra Prasad Central Agricultural University Pusa, General Stacks 24/06/2026 Today & Tomorrow Printers and Publishers 1950.00   634.97 N25W 87127 24/06/2026 29/01/2026 Books Bill No. IN-00449
Hosted, Implemented, Customized & Maintained by: BestBookBuddies

Powered by Koha